Wrony /

Hlavní autor: Dvořáková, Petra, 1977-
Další autoři: Śmigielski, Mirosław, 1982-, Eager, Tereza, 1992-
Jazyk: Polština
Vydáno: Rudno : Stara Szkoła, [2020]
Témata:
Fyzický popis: 177 stran : barevné ilustrace ; 20 cm
Knihy
Uloženo v:
LEADER 01288nam a2200373 i 4500
001 001789903
003 CZ BrMZK
005 20210831064842.0
007 ta
008 210503t20202020pl a g 000 f pol
020 |a 978-83-66013-40-7  |q (brožováno) 
040 |a ABA001  |b cze  |d BOA001  |e rda 
041 1 |a pol  |h cze 
072 7 |a 821.162.3-3  |x Česká próza  |2 Konspekt  |9 25 
080 |a 821.162.3-32  |2 MRF 
080 |a (0:82-32)  |2 MRF 
100 1 |a Dvořáková, Petra,  |d 1977-  |7 xx0044613  |4 aut 
240 1 0 |a Vrány.  |l Polsky  |7 aun20211101324 
245 1 0 |a Wrony /  |c Petra Dvořáková ; tłumaczenie: Mirosław Śmigielski 
264 1 |a Rudno :  |b Stara Szkoła,  |c [2020] 
264 4 |c ©2020 
300 |a 177 stran :  |b barevné ilustrace ;  |c 20 cm 
336 |a text  |b txt  |2 rdacontent 
337 |a bez média  |b n  |2 rdamedia 
338 |a svazek  |b nc  |2 rdacarrier 
500 |a Přeloženo z češtiny 
500 |a Ilustrace Tereza Basařová 
655 7 |a české novely  |7 fd133969  |2 czenas 
700 1 |a Śmigielski, Mirosław,  |d 1982-  |7 mzk2015878812  |4 trl 
700 1 |a Eager, Tereza,  |d 1992-  |7 xx0244400  |4 ill 
910 |a BOA001  |b 1-1461.989 
990 |a BK 
991 |b 202108  |c NOV 
996 7 |b 2610865295  |c 1-1461.989  |l MZK  |r Sklad / do 1 hodiny  |n 0  |p dar  |w 001851698  |u 000010  |a 1  |e BOA001  |j MZK50  |s A